ბათუმის შოთა რუსთაველის სახელმწიფო უნივერსიტეტის ბიბლიოთეკა

ოდისეა : (ბიბ.ჩანაწერი № 55962)

000 -ლიდერი
ფიქსირებული სიგრძის საკონტროლო ველი 01282nam a2200253Ia 4500
001 - საკონტროლო ნომერი
საკონტროლო ველი 23061
003 - საკონტროლო ნომრის იდენტიფიკატორი
საკონტროლო ველი GE_BSU
005 - ბოლო ოპერაციის თარიღი და დრო
საკონტროლო ველი 20230329162207.0
008 - ფიქსირებული სიგრძის მონაცემთა ელემენტები - ზოგადი ინფორმაცია
ფიქსირებული სიგრძის საკონტროლო ველი 181216s1986ge xx |||||||||||||| ||geo||
040 ## - კატალოგიზაციის წყარო
Transcribing agency GE_BSU
041 ## - ენის კოდი
Language code of text/sound track or separate title geo
080 ## - უნივერსალური ათობითი კლასიფიკაციის ინდექსი
Universal Decimal Classification number 821.14'01-13 ჰ-80
100 ## - მთავარი ჩანაწერი - პიროვნების სახელი
Personal name ჰომეროსი
9 (RLIN) 17340
245 ## - ცნობა სათაურის შესახებ
Title ოდისეა :
Remainder of title პოემა /
Statement of responsibility, etc ჰომეროსი, ძველბერძნ. თარგმნეს და წინასიტყვ. დაურთეს ზ. კიკნაძემ და თ. ჩხენკელმა
250 ## - გამოცემის ცნობა
Edition statement მე-2 გამოც.
264 ## - წარმოების, გამოცემის, დისტრიბუციის და სხვა ცნობები
გამოცემის, წარმოების, დისტრიბუციის... ადგილი თბილისი :
გამოცემის, წარმოების, დისტრიბუციის... სახელწოდება ნაკადული,
გამოცემის, წარმოების, დისტრიბუციის... თარიღი 1986.
300 ## - ფიზიკური აღწერა
Extent 317 გვ. :
Other physical details ილ. ;
Dimensions 20 სმ.
653 ## - INDEX TERM--UNCONTROLLED
Uncontrolled term ანტიკური კულტურა
653 ## - INDEX TERM--UNCONTROLLED
Uncontrolled term ოდისეა : პოემა
700 ## - ADDED ENTRY--PERSONAL NAME
Personal name კიკნაძე, ზ
Relator term მთარგმნელი
9 (RLIN) 8082
700 ## - ADDED ENTRY--PERSONAL NAME
Personal name ჩხენკელი, თ
Relator term მთარგმნელი
9 (RLIN) 17341
710 ## - ADDED ENTRY--CORPORATE NAME
Corporate name or jurisdiction name as entry element საქ. მწერ. კავშ. არსებ. მხატვ. თარგმანისა და ლიტ. ურთიერთობების მთ. სარედ. კოლეგია.
9 (RLIN) 17342
942 ## - ADDED ENTRY ELEMENTS (KOHA)
Koha item type წიგნი
Source of classification or shelving scheme
ეგზემპლარები
ჩამოწერის სტატუსი დაკარგული ეგზემპლარის სტატუსი კლასიფიკაციის წყარო ან თაროზე გაწყობის სქემა დაზიანების სტატუსი არ გაიცემა მუდმივი მდებარეობა (დაცვის ადგილი) ამჟამინდელი ადგილსამყოფელი თაროზე განთავსების ადგილი შეძენის თარიღი ღირებულება, შესყიდვის ნორმალური ფასი სრული შენახვის შიფრი შტრიხკოდი ბოლო ოპერაციის თარიღი ეგზემპლარის მიმდევრობითი ნომერი (კეტერი?) ფასის ძალაში შესვლის თარიღი ეგზემპლარის სახეობა საჯარო შენიშვნა Uniform Resource Identifier
          ბათუმის შოთა რუსთაველის სახელმწიფო უნივერსიტეტის მთავარი ბიბლიოთეკა ბათუმის შოთა რუსთაველის სახელმწიფო უნივერსიტეტის მთავარი ბიბლიოთეკა წიგნსაცავი 2018-12-17 5.00 821.14'01-13 ჰ-80 58487 2018-12-17 58487 2018-12-17 წიგნი 5.00  
          ბათუმის შოთა რუსთაველის სახელმწიფო უნივერსიტეტის მთავარი ბიბლიოთეკა ბათუმის შოთა რუსთაველის სახელმწიფო უნივერსიტეტის მთავარი ბიბლიოთეკა წიგნსაცავი 2023-03-29 5.00 821.14'01-13 ჰ-80 64147 2023-03-29 64147 2023-03-29 წიგნი 5.00 ბსუ-ს საპატიო დოქტორის გურამ ლორთქიფანიძის საჩუქარი